Osobnosť manažéra a jej vplyv na zvyšovanie výkonnosti podniku bakalárska práca

Gespeichert in:
Bibliographische Detailangaben
1. Verfasser: Podmanická, Simona
Körperschaft: Fakulta podnikového manažmentu EU. Katedra manažmentu
Weitere Verfasser: Oravský, Pavol
Format: Buch
Sprache:Slowakisch
Veröffentlicht: Bratislava 2012
Tags: Tag hinzufügen
Keine Tags, Fügen Sie das erste Tag hinzu!

MARC

LEADER 00000nbm a2200000 4500
001 0153812
005 20161109111809.2
041 0 |a slo 
044 |a SK 
245 1 0 |a Osobnosť manažéra a jej vplyv na zvyšovanie výkonnosti podniku  |b bakalárska práca  |c Simona Podmanická ; školiteľ: Pavol Oravský 
264 1 |a Bratislava  |c 2012 
300 |a 47 s. 
100 1 |a Podmanická, Simona 
700 1 |a Oravský, Pavol 
710 2 |a Fakulta podnikového manažmentu EU. Katedra manažmentu